The school lunch program. (Record no. 21938)
[ view plain ]
| 000 -LEADER | |
|---|---|
| fixed length control field | 00828cam a22002531 4500 |
| 001 - CONTROL NUMBER | |
| control field | e 43000149 |
| 003 - CONTROL NUMBER IDENTIFIER | |
| control field | DLC |
| 005 - DATE AND TIME OF LATEST TRANSACTION | |
| control field | 20260227111231.0 |
| 008 - FIXED-LENGTH DATA ELEMENTS--GENERAL INFORMATION | |
| fixed length control field | 881109s1943 kyuk s000 0 eng c |
| 010 ## - LIBRARY OF CONGRESS CONTROL NUMBER | |
| LC control number | e 43000149 |
| 035 ## - SYSTEM CONTROL NUMBER | |
| System control number | (OCoLC)18727232 |
| 040 ## - CATALOGING SOURCE | |
| Original cataloging agency | U.S. Off. of Educ. Library |
| Transcribing agency | MsU |
| Modifying agency | DLC |
| 042 ## - AUTHENTICATION CODE | |
| Authentication code | premarc |
| 050 00 - LIBRARY OF CONGRESS CALL NUMBER | |
| Classification number | L152 |
| Item number | .B35 vol. 11, no. 8 |
| 110 1# - MAIN ENTRY--CORPORATE NAME | |
| Corporate name or jurisdiction name as entry element | Kentucky. |
| Subordinate unit | Department of Education. |
| 245 14 - TITLE STATEMENT | |
| Title | The school lunch program. |
| 260 ## - PUBLICATION, DISTRIBUTION, ETC. | |
| Place of publication, distribution, etc. | [Frankfort] |
| Name of publisher, distributor, etc. | Dept. of Education |
| Date of publication, distribution, etc. | [1943] |
| 300 ## - PHYSICAL DESCRIPTION | |
| Extent | [459]-485 p. incl. forms. |
| Dimensions | 23 cm. |
| 490 1# - SERIES STATEMENT | |
| Series statement | Its Educational bulletin ... |
| Volume/sequential designation | Vol. XI, no. 8 |
| 500 ## - GENERAL NOTE | |
| General note | At head of title: Commonwealth of Kentucky. |
| 650 #0 - SUBJECT ADDED ENTRY--TOPICAL TERM | |
| Topical term or geographic name entry element | School children |
| General subdivision | Food. |
| 650 #0 - SUBJECT ADDED ENTRY--TOPICAL TERM | |
| Topical term or geographic name entry element | Children |
| General subdivision | Nutrition. |
| 830 #0 - SERIES ADDED ENTRY--UNIFORM TITLE | |
| Uniform title | Educational bulletin (Frankfort, Ky.) ; |
| Volume/sequential designation | Vol. XI, no. 8. |
No items available.